| 000 | 00935nam a22002177a 4500 | ||
|---|---|---|---|
| 005 | 20120911142746.0 | ||
| 010 | _aB-483220 | ||
| 020 |
_a9780143417422 _c499.00 |
||
| 035 | _aB-483220 | ||
| 037 |
_adpl _bVirtuous Pub/Ven |
||
| 082 | _a230.31 | ||
| 100 |
_aMahalakshmi. R _952433 |
||
| 245 |
_aThe making of the goddess: _bkorravai--durga in the tamil traditions/ _cby Mahalakshmi.R |
||
| 260 |
_aNew Delhi _bPenguin Books _c2011 |
||
| 270 |
_a11 Community Centre,Panchsheel Park _bNew Delhi _e110017 |
||
| 300 |
_a409p. _c22cm. |
||
| 500 | _aIt includes Bibliography and Index | ||
| 942 |
_2ddc _cEN _mMAH _h230.31 |
||
| 999 |
_c69877 _d69877 |
||